000 00508nam a22001577a 4500
005 20250320094112.0
008 250320b |||||||| |||| 00| 0 eng d
020 _a9780750621823
050 _aHD31
_bDRU
100 _aDrucker, Peter F.
245 _aThe Frontiers of management***************************************************************************+ggggggggggggggggggggggggggg
260 _aOxford
_bButterworth-Heinemann
_cc1986
300 _axi, 368p
500 _aincludes index
942 _2lcc
_cBK
_n0
999 _c4995
_d4995